000 00651nam a22002057a 4500
003 0
005 20251112093324.0
008 251112b xxu||||| |||| 00| 0 eng d
020 _a978-0-7528-8199-7
050 _aPS 3553
_b.C66 2007
100 _aConnelly, Michael,
_eauthor.
245 _aEcho Park /
_cMichael Connelly.
260 _aLondon :
_bOrion Books Ltd,
_c2007.
300 _a392 pages ;
_c18 cm.
650 _aDetective and mystery fiction.
650 _aPolice
_zCalifornia
_zLos Angeles
_xFiction.
650 _aSerial murder investigation
_zCalifornia
_zLos Angeles
_xFiction.
650 _aConnelly, Michael
_xFiction.
942 _2lcc
_cBK
999 _c368612
_d368612